000 00630nam a2200241Ia 4500
003 OSt
005 20221007105329.0
006 a|||||r|||| 00| 0
007 ta
008 221006b |||||||| |||| 00| 0 eng d
024 _a18,271
037 _cTextual
040 _aLCO
_cLCO
_beng
041 _2eng
_aeng
082 _aZ2,3, M3
100 _aHussain Imtiaz
_9275757
245 0 _aLaw of Specific Relief
260 _aAllahabad
_bMalhotra Publishing House India
_c1983
300 _a246
650 _aSPECIFIC RELIEF
_9681751
942 _hZ2,3, M3
_cTEXL
999 _c1187834
_d1187834